You don't say! : (Record no. 2556)

MARC details
000 -LEADER
fixed length control field 00855cam a22002897a 4500
005 - DATE AND TIME OF LATEST TRANSACTION
control field 20231215132308.0
020 ## - INTERNATIONAL STANDARD BOOK NUMBER
International Standard Book Number 0816749639 (pbk.)
020 ## - INTERNATIONAL STANDARD BOOK NUMBER
International Standard Book Number 051487003503
020 ## - INTERNATIONAL STANDARD BOOK NUMBER
International Standard Book Number 9780816749638 (pbk.)
040 ## - CATALOGING SOURCE
Original cataloging agency EOW
Transcribing agency EOW
Modifying agency BTCTA
-- BAKER
-- DLC
Language of cataloging eng
050 00 - LIBRARY OF CONGRESS CALL NUMBER
Classification number TR679.5
Item number .T45 1999
082 ## - DEWEY DECIMAL CLASSIFICATION NUMBER
Edition number 818
100 1# - MAIN ENTRY--PERSONAL NAME
Personal name Teitelbaum, Michael
245 10 - TITLE STATEMENT
Title You don't say! :
Remainder of title side-splitting photo funnies /
Statement of responsibility, etc. by Michael Teitelbaum.
260 ## - PUBLICATION, DISTRIBUTION, ETC.
Place of publication, distribution, etc. Mahwa :
Name of publisher, distributor, etc. Troll,
Date of publication, distribution, etc. 1999
300 ## - PHYSICAL DESCRIPTION
Extent 64 pages :
Other physical details illustrations :
Dimensions 20 cm
500 ## - GENERAL NOTE
General note Cover title.
505 ## - FORMATTED CONTENTS NOTE
Formatted contents note J
520 ## - SUMMARY, ETC.
Summary, etc. Photos of animals with humorous captions.
521 ## - TARGET AUDIENCE NOTE
Target audience note 500
Source Lexile estimate
521 ## - TARGET AUDIENCE NOTE
Target audience note J
Source Raz-Plus
650 #0 - SUBJECT ADDED ENTRY--TOPICAL TERM
Topical term or geographic name entry element Photography, Humorous.
650 #0 - SUBJECT ADDED ENTRY--TOPICAL TERM
Topical term or geographic name entry element Animals
Form subdivision Pictorial works.
906 ## - LOCAL DATA ELEMENT F, LDF (RLIN)
a 7
b cbc
c copycat
d 3
e epcn
f 20
g y-gencatlg
942 ## - ADDED ENTRY ELEMENTS (KOHA)
Source of classification or shelving scheme Dewey Decimal Classification
Koha item type Books
Suppress in OPAC No
999 ## -
-- 2556
-- 2556
Holdings
Withdrawn status Lost status Source of classification or shelving scheme Damaged status Not for loan Collection Home library Current library Shelving location Date acquired Total Checkouts Full call number Barcode Date last seen Date last checked out Price effective from Koha item type
    Dewey Decimal Classification     Non-Fiction Footprints International School Library Network Toul Kork Campus Footprints International School Library Network Toul Kork Campus   12/15/2023 1 TEI 818 TR679.5 FIS00580 01/12/2024 01/08/2024 12/15/2023 Books